000 00500cam a2200193ua 4500
001 6510
005 20260515114048.0
008 131216n ii |||gr||||Z||||||eng
040 _cMAIN
082 _a519.5
245 1 1 _aMathematics tutor :
_bVolume I /
_cBy A.C. Sarkar .
250 _a2nd ed.
260 _aCalcutta:
_bBook syndicate private limited,
_c1984.
300 _aviii,c.198p.
653 _aCommerce
653 _aMathematics tutor :
700 1 _aSarkar,A.C.,
_eAuthor.
942 _cBK
999 _c5654
_d5654